Manchester City 2020's Starting XI - Statistics

General Stats
  • This quiz has been taken 13,043 times
    4,556 since last reset
  • The average score is 23 of 26
Answer Stats
Player % Correct
Ederson
100%
Erling Haaland
99%
Kevin De Bruyne
98%
Bernardo Silva
97%
Rúben Dias
97%
Phil Foden
96%
Ilkay Gündogan
95%
Kyle Walker
95%
Manuel Akanji
95%
Joško Gvardiol
94%
Rodri
94%
John Stones
93%
Mateo Kovačić
93%
Riyad Mahrez
93%
Nathan Aké
88%
Raheem Sterling
88%
João Cancelo
84%
Julián Álvarez
83%
Sávio
82%
Gabriel Jesus
80%
Nicolas Otamendi
78%
Jack Grealish
75%
Aymeric Laporte
74%
Rico Lewis
68%
Benjamin Mendy
66%
Fernandinho
65%
No matching quizzes found
Score Distribution
Percent of People with Each Score
Percentile by Number Answered
Your Score History
You have not taken this quiz since the last reset